Province-level divisions of China that speak best English - Statistics

General Stats
  • This quiz has been taken 11 times
  • The average score is 14 of 19
Answer Stats
EF EPI Key Province-level divisions % Correct
514 Moderate Beijing
100%
512 Moderate Shanghai
100%
479 Low Chongqing
91%
480 Low Guangdong
91%
478 Low Heilongjiang
82%
558 High Hong Kong
82%
484 Low Shaanxi
82%
469 Low Hebei
73%
502 Moderate Macau
73%
468 Low Sichuan
73%
490 Low Tianjin
73%
479 Low Anhui
64%
476 Low Hubei
64%
482 Low Jiangsu
64%
476 Low Liaoning
64%
488 Low Shandong
64%
478 Low Jiangxi
55%
502 Moderate Zhejiang
55%
464 Low Yunnan
36%
No matching quizzes found
Score Distribution
Percent of People with Each Score
Percentile by Number Answered
Your Score History
You have not taken this quiz